El almirante Lobo (Record no. 189109)

MARC details
000 -LEADER
campo de control de longitud fija 00844nam a2200205 i 4500
001 - NÚMERO DE CONTROL
campo de control 189109
003 - IDENTIFICADOR DE NÚMERO DE CONTROL
campo de control ES-MaACL
005 - FECHA Y HORA DE LA ÚLTIMA TRANSACCIÓN
campo de control 20231226151432.0
008 - DATOS DE LONGITUD FIJA--INFORMACIÓN GENERAL
campo de control de longitud fija 190401s1992 sp |||| |dspa d
245 03 - MENCIÓN DEL TÍTULO
Título El almirante Lobo
Resto del título : dimensión humana y proyección histórica : ciclo de conferencias, marzo 1992.
260 ## - PUBLICACIÓN, DISTRIBUCIÓN, ETC.
Lugar de publicación, distribución, etc. Madrid :
Nombre del editor, distribuidor, etc. Instituto de Historia y Cultura Naval,
Fecha de publicación, distribución, etc. 1992.
300 ## - DESCRIPCIÓN FÍSICA
Extensión 71 p. ;
Dimensiones 24 cm.
490 1# - MENCIÓN DE SERIE
Mención de serie Cuadernos monográficos del Instituto de Historia y Cultura Naval ;
Designación de volumen o secuencia 17
594 ## - Nota al título y mención de responsabilidad
Nota al título y mención de responsabilidad Precede al tít.: VIII Jornadas de Historia Marítima.
600 14 - PUNTO DE ACCESO ADICIONAL DE MATERIA--NOMBRE DE PERSONA
Nombre de persona Lobo, Miguel,
Fechas asociadas al nombre 1821-1876
9 (RLIN) 157683
710 2# - ENTRADA AGREGADA--NOMBRE DE ENTIDAD CORPORATIVA
Nombre de entidad corporativa o nombre de jurisdicción como elemento de entrada Instituto de Historia y Cultura Naval (Madrid)
9 (RLIN) 4957
830 1# - PUNTO DE ACCESO ADICIONAL DE SERIE-TÍTULO UNIFORME
Título uniforme Cuadernos monográficos del Instituto de Historia y Cultura Naval ;
Designación de volumen o secuencia 17
9 (RLIN) 193258
852 ## - LOCALIZACIÓN
Ubicación ES-MaACL
Número de control de estantería 2339-F-16
Holdings
Estatus retirado Estado de pérdida Estado de daño No para préstamo Colección Biblioteca de origen Biblioteca actual Ubicación en estantería Fecha de adquisición Fuente de adquisición Total de préstamos Signatura topográfica completa Código de barras Visto por última vez Precio de reemplazo Tipo de ítem Koha
        Colección de folletos Biblioteca del Ateneo de Madrid Biblioteca del Ateneo de Madrid Depósito folletos 01/04/2019     2339-F-16 1200285 23/02/2023 23/02/2023 Folleto